Computability & unsolvability /

Guardado en:
Autor Principal: Davis, Martin, 1928-
Formato: Libro
Idioma:English
Publicado: New York : McGraw-Hill, 1958.
Series:McGraw-Hill series in information processing and computers
Materias:
Etiquetas: Agregar Etiqueta
Sin Etiquetas, Sea el primero en etiquetar este registro!
LEADER 00825nam a22002415a 4500
001 MAT.inmabb004418
008 831201s1958####nyu######b####001#0#eng##
005 20160523144753.0
245 1 0 |a Computability & unsolvability /  |c Martin Davis. 
260 |a New York :  |b McGraw-Hill,  |c 1958. 
300 |a xxv, 210 p. ;  |c 24 cm. 
440 0 |a McGraw-Hill series in information processing and computers 
504 |a Incluye referencias bibliográficas (p. 199-203) e índice. 
510 4 |a MR,  |c 23 #A1525 
100 1 |a Davis, Martin,  |d 1928- 
246 3 |a Computability and unsolvability 
650 0 |a Recursive functions. 
650 0 |a Unsolvability (Mathematical logic) 
650 0 |a Computable functions. 
084 |a 03Dxx  |2 msc2000 
010 |a  57012895  
040 |a DLC/ICU  |c ICU  |d DLC 
859 |h 03  |i D261c  |p A-2949  |b BIB. MATEMATICA